Miasta przy Drodze Krajowej nr 46 - Statystyki

Ogólne statystyki
  • Ten quiz został rozwiązany 33 razy
  • Średni wynik to 10 z 13
Statystyki odpowiedzi
Ludność Województwo Miasto % Poprawnych
128 035 Opolskie Opole
100%
220 433 Śląskie Częstochowa
97%
44 243 Opolskie Nysa
90%
26 742 Dolnośląskie Kłodzko
83%
24 518 Śląskie Lubliniec
79%
5 011 Opolskie Otmuchów
76%
7 631 Opolskie Paczków
76%
9 735 Śląskie Blachownia
72%
2 728 Dolnośląskie Złoty Stok
72%
6 517 Opolskie Niemodlin
69%
8 959 Opolskie Ozimek
59%
3 752 Opolskie Dobrodzień
52%
3 713 Śląskie Szczekociny
52%
Nie znaleziono quizów pasujących do podanych kryteriów
Rozkład punktacji
Procent ludzi z każdym wynikiem
Percentyl według liczby udzielonych odpowiedzi
Twoja historia wyników
Nie rozwiązałeś tego quizu